Statistiques concernant Les 20 capitales les plus proches de Téhéran

Cliquez ici pour prendre le quiz!

Statistiques générales

  • Ce quiz a été pris 42 fois
  • Le résultat moyen est 16 sur 20

Statistiques - réponses

DistanceCapitale% Correct
697Bagdad (Irak)
97%
1 625Kaboul (Afghanistan)
97%
1 303Riyad (Arabie Saoudite)
95%
1 693Ankara (Turquie)
92%
1 158Doha (Qatar)
89%
1 558Jérusalem (Israël)
89%
542Bakou (Azerbaïdjan)
86%
1 404Damas (Syrie)
86%
772Koweït City (Koweït)
86%
880Tbilissi (Géorgie)
84%
784Erevan (Arménie)
84%
1 508Mascate (Oman)
81%
1 672Tachkent (Ouzbékistan)
81%
1 464Beyrouth (Liban)
78%
1 488Amman (Jordanie)
78%
1 283Abou Dabi (Émirats Arabes Unis)
68%
668Achgabat (Turkménistan)
68%
1 574Douchanbé (Tadjikistan)
68%
1 055Manama (Bahreïn)
59%
1 632Nicosie (Chypre)
57%

Distribution des résultats

Percentile par nombre de réponses

% des personnes avec chaque résultat

Votre développement - résultats

Vous n’avez pas pris ce quiz